00906cam a2200253 a 450000100060000000300080000600500170001400800410003102000150007203500190008704000350010604100080014108200280014911000150017724500870019226000420027930000320032165000610035365000390041465000460045365000420049965000510054165100600059252209BD-RjUL20211209075752.01609 s2005 dcua s s 000 0 eng d a0821357476 a(BD-RjUL)52329 aBD-RjULcBD-RjULbengdBD-RjUL aeng04223a330.91724bWOG 20051 aWorld Bank00aGlobal economic prospects 2005 :btrade, regionalism and development /cWorld Bank aWashington, DC :bWorld Bank,cc2005. axxv, 151 p. :bill.c26 cm. 0aEconomic forecastingzDeveloping countriesvPeriodicals. 0aEconomic forecastingvPeriodicals. 0aEconomic historyy1971-1990vPeriodicals. 0aEconomic historyy1990-vPeriodicals. 0aInternational economic relationsvPeriodicals. 0aDeveloping countriesxEconomic conditionsvPeriodicals.